ECONOMICS (Record no. 8996)

MARC details
000 -LEADER
fixed length control field 00547nam a22001937a 4500
003 - CONTROL NUMBER IDENTIFIER
control field OSt
005 - DATE AND TIME OF LATEST TRANSACTION
control field 20240709120104.0
008 - FIXED-LENGTH DATA ELEMENTS--GENERAL INFORMATION
fixed length control field 240627b |||||||| |||| 00| 0 eng d
020 ## - INTERNATIONAL STANDARD BOOK NUMBER
International Standard Book Number 020144318x
040 ## - CATALOGING SOURCE
Transcribing agency MUST LIB
Original cataloging agency MUST
Modifying agency MUST
082 ## - DEWEY DECIMAL CLASSIFICATION NUMBER
Classification number 330
Edition number 19
Item number PAR
100 ## - MAIN ENTRY--PERSONAL NAME
Personal name Parkin Michael and Bade Robin
9 (RLIN) 18251
245 ## - TITLE STATEMENT
Title ECONOMICS
Remainder of title Canadan in the Global environment
Statement of responsibility, etc. Parkin Michael and Robin Bade
250 ## - EDITION STATEMENT
Edition statement 2nd
300 ## - PHYSICAL DESCRIPTION
Extent xxxii ; 1104: p .
Dimensions 26 cm.
650 ## - SUBJECT ADDED ENTRY--TOPICAL TERM
Source of heading or term Economics
700 ## - ADDED ENTRY--PERSONAL NAME
Personal name Parkin, Micheal
9 (RLIN) 15365
942 ## - ADDED ENTRY ELEMENTS (KOHA)
Source of classification or shelving scheme Dewey Decimal Classification
Koha item type Open Shelf
Holdings
Withdrawn status Lost status Source of classification or shelving scheme Damaged status Not for loan Home library Current library Date acquired Source of acquisition Total Checkouts Full call number Barcode Date last seen Price effective from Koha item type
    Dewey Decimal Classification     MUST Main Library MUST Main Library 27/06/2024 Purchase   330 BAD 2000 2024-21563 27/06/2024 27/06/2024 Open Shelf